000 00968-am-a2200205-a-4500
001 000087243
003 AM-YEHGA
005 20250617122000.0
008 991014s1975 ru ||||| |||| 00| 0 rus d
040 _aAM-YeHGA
041 0 _arus
245 0 0 _aДоклады :
_bОбщая биология 1973 г. : (Секция антропологии, биофизики, геронтологии, гистологии и эмбриологии, истории естествознания, комиссия по применению математики в биологии) /
_cМосковское общество испытателей природы; Гл. ред. А.Л. Яншин.
260 _aМосква :
_bМГУ,
_c1975.
300 _a148 с.
650 1 4 _aОбщая биология
700 1 _aЯншин, А.Л.
_4edt
_eред.
710 2 _aМосковское о-во испытателей природы
942 _2udc
_cBK
090 _c27923
999 _c27577
_d27577